Optimal short term hydro scheduling of large power systems with discretized horizon

Bibliographic Details
Main Authors: Bensalem, Ahmed (Author), Miloudi, Abdallah, 1958- (Author), Zouzou, Salah Eddine (Author), Mahdad, Belgacem (Author), Bouhentala, Abdelmalik (Author)
Format: Article
Language:Slovak
English
PhysicalDescription:Grafy, sch., tab.
ISSN:1335-3632
Subjects:

MARC

LEADER 00000nab a2200000 a 4500
001 vtls009144576
003 SK-MaSNL
005 20260304153820.0
008 250507c2007 xo |||||||||||000 b|slo
015 |a SNBRB2007/09  |2 snkbucl 
035 |a (uuid)f64e1c70-a271-46e9-a8c1-7def76bac7c6 
035 |a urn:nbn:sk:snk-ab10wz 
035 |a (urnnbn)urn:nbn:sk:snk:ar-a03r7n 
038 |a SNKBUCL 
040 |a SNKBUCL  |b slo  |c SNKBUCL  |e AACR2 
041 0 |a eng 
044 |a xo  |c SK 
080 |a 621.311.21:519.87  |2 2001 
080 |a 519.87  |2 2001 
245 0 0 |a Optimal short term hydro scheduling of large power systems with discretized horizon  |c Ahmed Bensalem ... [et al.] 
300 |b Grafy, sch., tab. 
500 |a Biogr. údaje 
504 |a Bibliogr. odkazy 
546 |a Res. angl. 
650 0 7 |a vodné elektrárne  |2 snkbucl  |9 28806 
650 0 7 |a hydroenergetika  |2 snkbucl  |9 93946 
650 0 7 |a energetické sústavy  |2 snkbucl  |9 68055 
650 0 7 |a krátkodobé plánovanie  |2 snkbucl  |9 1477734 
700 1 |a Bensalem, Ahmed  |4 aut  |9 1477735 
700 1 |a Miloudi, Abdallah,  |d 1958-  |4 aut  |9 1459480 
700 1 |a Zouzou, Salah Eddine  |4 aut  |9 1477736 
700 1 |a Mahdad, Belgacem  |4 aut  |9 1477737 
700 1 |a Bouhentala, Abdelmalik  |4 aut  |9 1477738 
773 0 |t Journal of electrical engineering = Elektrotechnický časopis  |g Vol. 58, no. 4 (2007), p. 214-219  |x 1335-3632 
850 |a Slovenská národná knižnica 
852 |a Slovenská národná knižnica 
958 |a article27 
958 |a NB 
958 |a OND 
958 |a EUIPO 
999 |c 2955052  |d 2956982